000 00232nam a2200097Ia 4500
001 684610
005 20250826161501.0
008 250824s9999 xx 000 0 und d
245 0 _aARAZ
_cKAHRAMAN TAZEOĞLU
260 _bDESTEK YAYINLARI
999 _c684610
_d684610